000 00411nam a2200157Ia 4500
008 110201s9999 xx 000 0 und d
082 _bB1335
_aK 1155
100 _aदेसाई रणजित
245 _aबारी
365 _b20
600 _aदेसाई रणजित
630 _aबारी
700 _aदेसाई रणजित
730 _aबारी
942 _cBOOK
999 _c828609
_d828606